000 00932nam a2200265 i 4500
005 20160213123051.0
008 140303b1998 ec ||||| |||| 00| 0 spa d
040 _aCO-BoIAVH
_cCO-BoIAVH
041 _aspa
044 _aec
082 0 4 _a577.09866
_bH71g
100 1 _aHofstede, Robert
245 1 0 _aGeografía, ecología y forestación de la Sierra alta del Ecuador ;
_brevisión de literatura /
_cRobert Hofstede, Johana Lips y Wibold Jongsma y Jan Sevink.
260 _aQuito :
_bEdiciones Abya-Yala,
_c1998.
300 _a242 páginas
650 1 4 _aGeografía
_zEcuador.
650 2 4 _aEcología
_zEcuador.
650 2 4 _aForestación
_zEcuador.
650 2 4 _aEcosistemas andinos
650 2 4 _aEcosistemas alpinos
700 1 _aLips, Johanna María,
_eautora.
700 1 _aSevink, Jan,
_eautor.
700 1 _aJongsma, Wibold,
_eautor.
942 _cLIBRO
_2ddc
999 _c1824
_d1824